|
|
|
|
| LEADER |
00000caa a2200000 c 4500 |
| 001 |
147979144X |
| 003 |
DE-627 |
| 005 |
20250605102714.0 |
| 007 |
tu |
| 008 |
140720s1911 xx ||||| o 00| ||ger c |
| 035 |
|
|
|a (DE-627)147979144X
|
| 035 |
|
|
|a (DE-576)40979144X
|
| 035 |
|
|
|a (DE-599)BSZ40979144X
|
| 040 |
|
|
|a DE-627
|b ger
|c DE-627
|e rakwb
|
| 041 |
|
|
|a ger
|
| 084 |
|
|
|a 1
|2 ssgn
|
| 100 |
1 |
|
|0 (DE-588)1019560738
|0 (DE-627)690946090
|0 (DE-576)358326141
|4 aut
|a Amelung, Karl
|d 1858-
|
| 109 |
|
|
|a Amelung, Karl 1858-
|a Amelung, Karl Wilhelm Georg Adolf 1858-
|
| 245 |
1 |
0 |
|a Reformation und Gegenreformation
|b [Rezension]
|c Karl Amelung
|
| 246 |
3 |
0 |
|a Thrändorf und Meltzer, Kirchengeschichtliches Lesebuch. Kleine Ausgabe [B], 2., verm. Aufl.
|
| 264 |
|
1 |
|c 1911
|
| 336 |
|
|
|a Text
|b txt
|2 rdacontent
|
| 337 |
|
|
|a ohne Hilfsmittel zu benutzen
|b n
|2 rdamedia
|
| 338 |
|
|
|a Band
|b nc
|2 rdacarrier
|
| 500 |
|
|
|a Sammelrezension. Enth. außerdem: Thrändorf und Meltzer, Kirchengeschichtliches Lesebuch. Kleine Ausgabe [B], 2., verm. Aufl. [Rezension]
|
| 601 |
|
|
|a Reformation
|
| 601 |
|
|
|a Gegenreformation
|
| 601 |
|
|
|a Rezension
|
| 655 |
|
7 |
|a Rezension
|0 (DE-588)4049712-4
|0 (DE-627)106186019
|0 (DE-576)209083166
|2 gnd-content
|
| 773 |
0 |
8 |
|i In
|t Theologisches Literaturblatt
|d Leipzig : Dörffling & Franke, 1880
|g 32(1911), 4, Seite 90-91
|w (DE-627)167346571
|w (DE-600)502241-1
|w (DE-576)015634965
|7 nnas
|
| 773 |
1 |
8 |
|g volume:32
|g year:1911
|g number:4
|g pages:90-91
|
| 776 |
0 |
8 |
|i Erscheint auch als
|n Online-Ausgabe
|a Amelung, Karl, 1858 -
|t Reformation und Gegenreformation
|d 1911
|w (DE-627)1520857055
|w (DE-576)450857050
|k Electronic
|
| 951 |
|
|
|a AR
|
| ELC |
|
|
|b 1
|
| ITA |
|
|
|a 1
|t 1
|
| LOK |
|
|
|0 000 xxxxxcx a22 zn 4500
|
| LOK |
|
|
|0 001 2807343368
|
| LOK |
|
|
|0 003 DE-627
|
| LOK |
|
|
|0 004 147979144X
|
| LOK |
|
|
|0 005 20140720191440
|
| LOK |
|
|
|0 008 140720||||||||||||||||ger|||||||
|
| LOK |
|
|
|0 040
|a DE-21
|c DE-627
|d DE-21
|
| LOK |
|
|
|0 852
|a DE-21
|
| LOK |
|
|
|0 852 1
|c Gd 107 b.4-32.1911
|9 00
|
| LOK |
|
|
|0 935
|a ixrz
|a theo
|
| LOK |
|
|
|0 939
|a 20-07-14
|b l01
|
| ORI |
|
|
|a SA-MARC-ixtheoa001.raw
|